000 01039nam a22002657a 4500
005 20170123162301.0
010 _aB-080496
020 _c320.00
_a8181230019
035 _aB-080496
037 _bCen Lib/Ret
040 _aDPL
_bUR
082 _a503
_bڈ ۱ ب
100 _aڈبلو.اے. عزیز
_9111018
245 _a / دکتیونرے وف سائنس
_cوابلو. اے. عزیز[اور] مشود احمد ؛ گولوالا اینڈ گولوالا
246 _aDictionary of science
_bby W.A. Aziz
260 _aممبئی
_bسیفے بک ایجنسی
_c2003
270 _a١٠/١١، امین بلڈنگ ٥٣، ابراھیم رحماتللہ روڈ
_bممبئی
300 _a864p.
_c18cm(Hb)
650 _aسائنس دکتیونرے
_v دکتیونرے
_9111019
650 _aScience dictionary
_vdictionary
_9111020
650 _v
_9111021
700 _aمشود احمد
_9111022
700 _aگولوالا اینڈ گولوالا
_9111023
942 _2ddc
_cUR
_h503
_m ڈ ۱ ب
999 _c105987
_d105987